01019nab a2200181 i 4500001000400000003000400004005001700008008003900025040000800064100015800072245017700230260001000407500002100417520022700438650002200665650001500687773013500702BPPBPK20160310121854.0150518s1980 pl n f |000 0pol cBPK aPAWLINA, Włodzimierz.d1973 - 1980.bWyższa Szkoła Inżynierska w Koszalinie - Instytut Budowy Maszyn,cZakład Elektroniki i Napędów Sterowania aWartości wyższych harmonicznych napięć generowanych przez symetrycznie połączone przeciwsobnie-równolegle przekształtniki tyrystorowe /cWłodzimierz Pawlina. c1980. aDane z autopsji. aW artykule podano niektóre wyniki badań przekształtnika tyrystorowego przeprowadzonych w układzie połączeń przeciwsobnie-równoległym oraz przy zasilaniu przekształtnika z sieci sztywnej prądu przemiennego. 0aPrzekształtniki. 0aTyrystory. iW :tZeszyty Naukowe Wyższej Szkoły Inżynierskiej w Koszalinie. Prace Instytutu Budowy Maszyn. -g1980, nr 3 [10], s. 119-127